000 005010000a22001810004500
003 LK-CoMWRAF
005 20230829104756.0
008 230817t1989 ||||| |||| 00| 0 eng d
040 _aLK-CoMWRAF
_dLK-CoMWRAF
_eLK-CoMWRAF
041 _aeng
082 _a340.59
_bAJI
100 _aAjijola, A.D.
245 _aIntroduction to Islamic Law
260 _aDelhi:
_bInternational Islamic Publishers,
_c1981
300 _axx, 410 p. ; 23 cm.
_bBibliography included
650 _aISLAMIC LAW
942 _cBK
999 _c1629
_d1629